Bayern München - Bundesliga-Rekordspieler (TOP 50) - Statistiken

Allgemein
  • Dieses Quiz wurde 352 mal gespielt
  • Das Durchschnittsergebnis liegt bei 26 aus 50
Antwortstatistiken
Platz Name Nation Geburtstag Einsätze % Korrekt
4 Gerd Müller Deutschland 03.11.1945 427
99%
2 Thomas Müller Deutschland 13.09.1989 441
99%
18 Franck Ribéry Frankreich 07.04.1983 273
92%
32 Arjen Robben Niederlande 23.01.1984 201
91%
12 Manuel Neuer Deutschland 27.03.1986 322
91%
21 Robert Lewandowski Polen 21.08.1988 253
90%
11 Philipp Lahm Deutschland 11.11.1983 332
89%
9 Bastian Schweinsteiger Deutschland 01.08.1984 342
85%
3 Oliver Kahn Deutschland 15.06.1969 429
84%
7 Franz Beckenbauer Deutschland 11.09.1945 396
83%
16 David Alaba Österreich 24.06.1992 281
82%
1 Sepp Maier Deutschland 28.02.1944 473
77%
25 Joshua Kimmich Deutschland 08.02.1995 233
76%
23 Uli Hoeneß Deutschland 05.01.1952 239
75%
28 Claudio Pizarro Peru / Italien 03.10.1978 224
74%
27 Dieter Hoeneß Deutschland 07.01.1953 224
74%
15 Lothar Matthäus Deutschland 21.03.1961 302
74%
26 Jérôme Boateng Deutschland 03.09.1988 229
71%
14 Karl-Heinz Rummenigge Deutschland 25.09.1955 310
71%
49 Javi Martínez Spanien 02.09.1988 165
68%
46 Giovane Elber Brasilien 23.07.1972 169
67%
39 Kingsley Coman Frankreich / Guadeloupe 13.06.1996 181
66%
10 Mehmet Scholl Deutschland / Türkei 16.10.1970 334
63%
24 Hasan Salihamidzic Bosnien-Herzegowina / Deutschland 01.01.1977 234
55%
19 Paul Breitner Deutschland 05.09.1951 255
55%
37 Bixente Lizarazu Frankreich 09.12.1969 183
47%
5 Georg Schwarzenbeck Deutschland 03.04.1948 416
44%
6 Klaus Augenthaler Deutschland 26.09.1957 404
44%
36 Willy Sagnol Frankreich 18.03.1977 184
44%
41 Rafinha Brasilien / Deutchland 07.09.1985 179
43%
43 Martín Demichelis Argentinien / Italien 20.12.1980 174
40%
42 Samuel Kuffour Ghana / Deutschland 03.09.1976 175
38%
45 Zé Roberto Brasilien / Deutschland 06.07.1974 169
38%
13 Franz Roth Deutschland 27.04.1946 322
29%
33 Thomas Helmer Deutschland 21.04.1965 191
29%
30 Alexander Zickler Deutschland 28.02.1974 214
25%
47 Thomas Linke Deutschland 26.12.1969 166
22%
20 Roland Wohlfarth Deutschland 11.01.1963 254
20%
38 Markus Babbel Deutschland 08.09.1972 182
19%
29 Raimond Aumann Deutschland 12.10.1963 216
19%
35 Christian Ziege Deutschland 01.02.1972 185
17%
8 Bernd Dürnberger Deutschland 17.09.1953 375
15%
17 Hans Pflügler Deutschland 27.03.1960 277
12%
44 Wolfgang Dremmler Deutschland 12.07.1954 172
10%
50 Johnny Hansen Dänemark 14.11.1943 164
9%
34 Dieter Brenninger Deutschland 16.02.1944 190
8%
48 Hans-Josef Kapellmann Deutschland 19.12.1949 165
8%
31 Norbert Nachtweih Deutschland 04.06.1957 202
8%
40 Rainer Zobel Deutschland 03.11.1948 180
7%
22 Udo Horsmann Deutschland 30.03.1952 242
6%
Keine übereinstimmenden Quizze gefunden
Verteilung der Resultate
Anzahl Personen mit jedem Resultat
Perzentil nach korrekt beantworteten Fragen
Ihre Resultats-Entwicklung
Sie haben dieses Quiz noch nicht gespielt